[Event "GRENKE Classic 2014"]
[Site "Baden Baden GER"]
[Date "2014.09.11"]
[Round "6.3"]
[White "Naiditsch, Arkadij"]
[Black "Wagner, Dennis"]
[Result "1-0"]
[WhiteTitle "GM"]
[BlackTitle "IM"]
[WhiteElo "2715"]
[BlackElo "2499"]
[WhiteFideId "4650891"]
[BlackFideId "24650684"]
[EventDate "2014.09.06"]

1. e4 e5 2. Nf3 Nc6 3. Bb5 Nf6 4. O-O Nxe4 5. d4 Nd6 6. Bxc6 dxc6 7. dxe5 Nf5 8.
Qxd8+ Kxd8 9. Nc3 Ke8 10. Bf4 Be6 11. Rfd1 h6 12. h3 Be7 13. g4 Nh4 14. Nxh4
Bxh4 15. Kg2 Be7 16. f3 Rd8 17. Ne2 h5 18. Nd4 Bd7 19. Bg3 c5 20. Ne2 Bc6 21.
Nf4 hxg4 22. hxg4 Rh6 23. c4 Rxd1 24. Rxd1 Bd7 25. Nd5 Bd8 26. Bf2 b6 27. Be3
Rh8 28. b3 Rh7 29. Bf4 Rh8 30. Bg3 Rh6 31. Ne3 Bc6 32. Kf2 Rh7 33. f4 Be4 34.
Re1 Rh1 35. Rxh1 Bxh1 36. Ng2 c6 37. Kg1 Bxg2 38. Kxg2 g5 39. Kf3 Kd7 40. f5 Ke7
41. Ke4 Bc7 42. Be1 Bd8 43. Bd2 f6 44. exf6+ Kxf6 45. Bc3+ Kf7 46. Be5 a6 47. f6
Ke6 48. f7 Be7 49. Bc7 Kxf7 50. Kf5 b5 51. Be5 b4 52. Bb2 Bd8 53. Bc1 Bf6 54.
Bxg5 Bd4 55. Bd8 Bc3 56. g5 Bd4 57. Bf6 Bc3 58. g6+ Kg8 59. Be5 Bd4 60. Ke6 1-0

[Event "GRENKE Classic 2014"]
[Site "Baden Baden GER"]
[Date "2014.09.11"]
[Round "6.4"]
[White "Fridman, Daniel"]
[Black "Schlosser, Philipp"]
[Result "1/2-1/2"]
[WhiteTitle "GM"]
[BlackTitle "GM"]
[WhiteElo "2633"]
[BlackElo "2582"]
[WhiteFideId "11600454"]
[BlackFideId "4600169"]
[EventDate "2014.09.06"]

1. d4 Nf6 2. c4 e6 3. Nc3 Bb4 4. f3 O-O 5. a3 Bxc3+ 6. bxc3 Ne8 7. Nh3 b6 8. e4
Nc6 9. Bd3 Ba6 10. Qe2 Qh4+ 11. Nf2 Na5 12. O-O Nd6 13. g3 Qe7 14. e5 Ndxc4 15.
Qe4 f5 16. exf6 gxf6 17. Bh6 f5 18. Bxf8 fxe4 19. Bxe7 exd3 20. Nxd3 Ne3 21.
Rfe1 Nc2 22. Ne5 d6 23. Ng4 h5 24. Ne3 Nxa1 25. Rxa1 Nc4 26. Nxc4 Bxc4 27. Kf2
Kf7 28. Bg5 Kg6 29. f4 Bd5 30. Rc1 Bc4 31. h3 Kf5 32. Ke3 Re8 33. Re1 Bd5 34.
Kf2 Rh8 35. Rc1 Bc4 36. Kf3 Bd5+ 37. Kf2 Bc4 38. Kf3 Bd5+ 39. Kf2 Bc4 40. Kf3
Bd5+ 1/2-1/2

[Event "GRENKE Classic 2014"]
[Site "Baden Baden GER"]
[Date "2014.09.12"]
[Round "7.1"]
[White "Schlosser, Philipp"]
[Black "Meier, Georg"]
[Result "1/2-1/2"]
[WhiteTitle "GM"]
[BlackTitle "GM"]
[WhiteElo "2582"]
[BlackElo "2652"]
[WhiteFideId "4600169"]
[BlackFideId "4675789"]
[EventDate "2014.09.06"]

1. c4 c5 2. Nf3 Nc6 3. d4 cxd4 4. Nxd4 Nf6 5. Nc3 e6 6. g3 Qb6 7. Ndb5 d5 8.
cxd5 Bc5 9. Bg2 Bxf2+ 10. Kf1 Nxd5 11. Nd6+ Kf8 12. Nxc8 Rxc8 13. Bxd5 exd5 14.
Nxd5 Qd4 15. Bf4 Rd8 16. Qxd4 Bxd4 17. e4 Rd7 18. Nc3 Ke7 19. Ke2 Re8 20. Rhd1
Kd8 21. Kf3 f6 22. h4 h5 23. Rd2 Bxc3 24. Rxd7+ Kxd7 25. bxc3 Ne5+ 26. Ke3 Kc6
27. Rd1 Nc4+ 28. Kf3 b5 29. Rd4 a5 30. g4 hxg4+ 31. Kxg4 g6 32. Kf3 a4 33. Bg3
Ne5+ 34. Ke2 Rf8 35. Rd5 Re8 36. Rd4 Nf7 37. Kf3 Re6 38. Rb4 Ne5+ 39. Bxe5 Rxe5
40. c4 bxc4 41. Rxc4+ Kb5 42. Rc2 Kb4 43. Rc6 f5 44. exf5 Rxf5+ 45. Kg4 Rf2 46.
Rxg6 Rxa2 47. Rb6+ Kc4 48. Ra6 Kb4 1/2-1/2

[Event "GRENKE Classic 2014"]
[Site "Baden Baden GER"]
[Date "2014.09.12"]
[Round "7.2"]
[White "Wagner, Dennis"]
[Black "Fridman, Daniel"]
[Result "1/2-1/2"]
[WhiteTitle "IM"]
[BlackTitle "GM"]
[WhiteElo "2499"]
[BlackElo "2633"]
[WhiteFideId "24650684"]
[BlackFideId "11600454"]
[EventDate "2014.09.06"]

1. Nf3 d5 2. g3 g6 3. d4 Bg7 4. Bg2 Nf6 5. c4 dxc4 6. Na3 c3 7. bxc3 O-O 8. O-O
c5 9. Bb2 Nc6 10. Re1 Nd7 11. e4 Nb6 12. Rb1 e5 13. d5 Na5 14. Nd2 Bd7 15. c4
Nc8 16. f4 Re8 17. fxe5 Bxe5 18. Bxe5 Rxe5 19. Qc1 Nd6 20. Qc3 f6 21. Rf1 b6 22.
Nc2 Bg4 23. Rf4 g5 24. Rxg4 h5 25. Rf4 gxf4 26. gxf4 Re8 27. e5 fxe5 28. fxe5
Qg5 29. Re1 Qg7 30. Kh1 Kh8 31. Bh3 Naxc4 32. Nxc4 Nxc4 33. Qxc4 Rxe5 34. Rd1
Rg8 35. Qc3 Rd8 36. Ne3 Re4 37. Qxg7+ Kxg7 38. Nf5+ Kf6 39. d6 h4 40. Ne7 Rd4
41. Rf1+ Kg5 42. Rg1+ Kf4 43. Nc6 R8xd6 44. Nxd4 Rxd4 45. Be6 Ke3 46. Kg2 c4 47.
Kh3 b5 48. Rg5 a6 49. Rc5 Kd2 50. a4 c3 51. axb5 axb5 52. Rxb5 c2 53. Rb2 Kc3
54. Rb3+ Kd2 55. Rb2 Rf4 56. Bg4 Rf2 57. Kxh4 Rxh2+ 58. Kg3 Kc3 59. Rb8 Rh1 60.
Rc8+ Kb2 61. Rb8+ Ka3 62. Rc8 c1=Q 63. Rxc1 Rxc1 64. Kf4 Kb4 65. Ke5 Kc5 66. Be6
Re1+ 67. Kf6 Kd6 68. Bf7 Rf1+ 69. Kg7 Ke7 70. Bg8 Rg1+ 71. Kh8 Kf6 72. Bh7 Rh1
73. Kg8 Ra1 74. Kh8 Ra8+ 75. Bg8 Kg6 1/2-1/2

[Event "GRENKE Classic 2014"]
[Site "Baden Baden GER"]
[Date "2014.09.12"]
[Round "7.3"]
[White "Baramidze, David"]
[Black "Naiditsch, Arkadij"]
[Result "1/2-1/2"]
[WhiteTitle "GM"]
[BlackTitle "GM"]
[WhiteElo "2599"]
[BlackElo "2715"]
[WhiteFideId "4667719"]
[BlackFideId "4650891"]
[EventDate "2014.09.06"]

1. d4 Nf6 2. c4 g6 3. Nc3 Bg7 4. e4 d6 5. f3 O-O 6. Be3 c5 7. Nge2 Nc6 8. d5 Ne5
9. Ng3 h5 10. Be2 h4 11. Nf1 e6 12. f4 Nxc4 13. Bxc4 b5 14. Bxb5 exd5 15. exd5
Rb8 16. Rc1 a6 17. Be2 Rxb2 18. Rc2 Rxc2 19. Qxc2 Re8 20. h3 Qa5 21. Bd2 Qb4 22.
Kd1 Bf5 23. Bd3 Qd4 24. Bxf5 gxf5 25. Qxf5 Ne4 26. Nxe4 Rxe4 27. Qc8+ Kh7 28.
Qf5+ Kg8 29. Qc8+ Kh7 30. Qf5+ Kg8 1/2-1/2

[Event "GRENKE Classic 2014"]
[Site "Baden Baden GER"]
[Date "2014.09.12"]
[Round "7.4"]
[White "Nisipeanu, Liviu-Dieter"]
[Black "Bluebaum, Matthias"]
[Result "1-0"]
[WhiteTitle "GM"]
[BlackTitle "IM"]
[WhiteElo "2672"]
[BlackElo "2521"]
[WhiteFideId "1202758"]
[BlackFideId "24651516"]
[EventDate "2014.09.06"]

1. c4 c6 2. e4 d5 3. exd5 cxd5 4. d4 Nf6 5. Nc3 Nc6 6. Bg5 Be6 7. a3 Qd7 8. Rc1
Rd8 9. c5 Ne4 10. Be3 Nxc5 11. dxc5 d4 12. Nf3 dxe3 13. Qxd7+ Rxd7 14. fxe3 g6
15. Bb5 Bg7 16. Ke2 O-O 17. Rhd1 Rfd8 18. Rxd7 Rxd7 19. b4 Rc7 20. Bd3 a5 21. b5
Ne5 22. Na4 Nxd3 23. Kxd3 Bf5+ 24. Ke2 e5 25. Nd2 Rd7 26. Nc4 Bd3+ 27. Ke1 e4
28. Ncb6 Bxb5 29. Nxd7 Bxa4 30. Nb6 Bb3 31. Nc4 a4 32. Kd2 f5 33. h3 Kf8 34. g4
Ke7 35. gxf5 gxf5 36. Na5 Bb2 37. Rb1 Bxa3 38. Nxb3 axb3 39. Rxb3 Bxc5 40. Rxb7+
Kf6 41. Rxh7 Bf8 42. Ke2 Kg6 43. Rh8 Be7 44. Rg8+ Kf7 45. Rg2 Bh4 46. Kd2 Bf6
47. Kc2 Bd8 48. Kc3 Bb6 49. Rg3 Bc7 50. Rg5 Ke6 51. h4 Ba5+ 52. Kc2 Bd8 53. Rg6+
Kf7 54. h5 Bf6 55. Kb3 Bh4 56. Rg2 Kf6 57. h6 1-0